Stations de la ligne D du tramway de Grenoble - Statistiques

Statistiques générales
  • Ce quiz a été pris 29 fois
  • Le résultat moyen est 14 sur 16
Statistiques - réponses
Hint Réponse % Correct
A B E Alsace Lorraine
100%
A B SNCF Gares
100%
B Hôpital Couple Enfant
100%
A B Hubert Dubedout - Maison du Tourisme
100%
C Neyrpic - Belledonne
100%
A B Victor Hugo
100%
B Île Verte
91%
B Sainte Claire - Les Halles
91%
B Notre Dame - Musée
86%
B C Universités - Les Tallées
86%
B Hôpital Michallon - Grésivaudan
82%
Saint-Martin-d'Hères - Étienne Grappe
82%
B Grand Sablon
77%
Parc Jo Blanchon
68%
Maison Communale
64%
Édouard Vaillant
55%
Aucun quiz correspondant
Distribution des résultats
% des personnes avec chaque résultat
Percentile par nombre de réponses
Votre historique - résultats
Vous n’avez pas pris ce quiz